000 00735nam a2200253 a 4500
001 BRCA_6971
005 20190320205649.0
008 221111s1952----u--#######---#000-0#eng-#
041 _aeng
044 _au
050 4 _aAG5
_b.C65 1952
245 1 0 _aThe Columbia encyclopedia
_cedited by William Bridgwater and Elizabeth J. Sherwood.
250 _a2
260 _aNueva York
_bColumbia University
_c1952, C1950
300 _a2203 p.
_c?? cm.
500 _aIncluye suplemento de 1953
500 _aO204
650 1 4 _aEnclopedias y diccionarios
_917362
700 1 _aBridgwater, William
_eed.
_917363
700 1 _aSherwood, Elizabeth J.
_eed.
_917364
710 2 _aColumbia University
_917365
902 _aGFM
942 _2lcc
_cB
999 _c6652
_d6652